000 00346 a2200109 4500
001 ART_3677
005 20260410161717.0
008 260409a
245 1 0 _aEl macroeconomista como científico y como ingeniero
100 1 _aMankiw, N. Gregory
773 0 _tDesarrollo económico
_g- Vol. 47, Nº 185 (abr./jun. 2007)
_wREV1174
999 _c16608
_d16608